|
|
|
|
| LEADER |
01126nam a22003131a 4500 |
| 001 |
35910 |
| 003 |
BD-DhAAL |
| 005 |
20211206103612.0 |
| 008 |
191223t1965 enk b 000 0 eng d |
| 999 |
|
|
|c 42082
|d 42082
|
| 010 |
|
|
|a 66004109
|
| 015 |
|
|
|a GB65-8010
|
| 035 |
|
|
|a (OCoLC)10542637
|
| 040 |
|
|
|a DLC
|c GAUC
|d NcRS
|d Uk
|d DLC
|d BD-DhAAL
|
| 042 |
|
|
|a premarc
|
| 050 |
0 |
0 |
|a LB45
|b .E4
|
| 082 |
|
|
|a 370.193
|
| 100 |
1 |
|
|a Elvin, Lionel,
|d 1905-
|9 38462
|
| 245 |
1 |
0 |
|a Education and contemporary society /
|c by H.L. Elvin.
|
| 260 |
|
|
|a London :
|b C.A. Watts,
|c c1965.
|
| 300 |
|
|
|a vii, 220 pages ;
|c 19 cm.
|
| 490 |
0 |
|
|a The New thinker's library
|
| 504 |
|
|
|a Includes bibliographical references (pages 213-220).
|
| 526 |
|
|
|a BIED
|
| 541 |
|
|
|a Complimentary copy from BIED
|e 35910
|
| 650 |
|
0 |
|a Educational anthropology.
|9 38463
|
| 852 |
|
|
|a Ayesha Abed Library
|c BIED Collection
|
| 942 |
|
|
|2 ddc
|c BK
|
| 952 |
|
|
|0 0
|1 0
|2 ddc
|4 0
|6 370_193000000000000_ELV
|7 0
|9 67518
|a BRACUL
|b BRACUL
|c GEN
|d 2019-12-23
|e Complimentary copy from BIED
|l 0
|o 370.193 ELV
|p 3010035910
|r 2019-12-23
|t 1
|w 2019-12-23
|y BK
|x Transferred from BIED to General Stacks
|